| 000 | 00624nam a22002177i 4500 | ||
|---|---|---|---|
| 003 | URS | ||
| 005 | 20220114153349.0 | ||
| 008 | 171023b xxu||||| |||| 00| 0 eng d | ||
| 040 |
_erda _cURSP-College Library _beng |
||
| 050 | _b657 S87 1995 | ||
| 100 | 1 | _aSecretarial | |
| 245 |
_aSecretarial Accounting _bStudents Manual _cSecretarial |
||
| 264 | 1 |
_aManila _bSystem Technology Institute, Incorporated _c1995. |
|
| 300 |
_a141pages _c28cm. |
||
| 336 |
_atext _btxt _2rdacontent |
||
| 337 |
_aunmediated _bn _2rdamedia |
||
| 338 |
_avolume _bnc _2rdacarrier |
||
| 500 | _aIncludes | ||
| 650 | 0 | _aaccounting. | |
| 942 |
_2lcc _cF |
||
| 999 |
_c8506 _d8506 |
||